000 00883cam a22002411 4500
001 ne 63000605
003 DLC
005 20260227111743.0
008 900516m19629999ua 000 0 arar
010 _ane 63000605
025 _aPL480:UAR-999
035 _a(OCoLC)21545255
040 _aDLC
_cWaU
_dDLC
042 _apremarc
043 _ama-----
050 0 0 _aPJ7510
_b.A9
100 1 _aʻAwaḍ, Luwīs,
_d1915-
245 0 3 _aal-Muʼaththirāt al-ajnabīyah fī al-adab al-ʻArabī al-ḥadīth,
_cmuḥāḍarāt alqāhā Luwis ʻAwaḍ ʻalá ṭalibat qism al-dirāsāt al-adabīyah wa-al-lughawīyh.
260 _a[al-Qāhirah]
_bJāmiʻat al-Duwal al-ʻArabīyah, Maʻhad al-Dirāsāt al-ʻArabīyah al-ʻĀlīyah,
_c[1962- ]
300 _av.
_c24 cm.
505 1 _aal-Juzʼ al-awwal : qaḍīyat al-marʼah.
650 0 _aArabic literature
_xHistory and criticism.
999 _c45709
_d45709